Peace With Justice (Record no. 13687)
[ view plain ]
| 000 -LEADER | |
|---|---|
| fixed length control field | 00611nam a2200229 a 4500 |
| 020 ## - INTERNATIONAL STANDARD BOOK NUMBER | |
| ISBN | 0742566 |
| 082 00 - DEWEY DECIMAL CLASSIFICATION NUMBER | |
| Classification number | 303.66 |
| Author Cutter | WIL |
| 100 ## - MAIN ENTRY--AUTHOR NAME | |
| Author name | Williams, Paul R |
| 245 ## - TITLE STATEMENT | |
| Title | Peace With Justice |
| Sub title | War Crimes and Accountability in the Former Yugoslavia |
| 260 ## - PUBLICATION, DISTRIBUTION, ETC. (IMPRINT) | |
| Place of publication | New York |
| Name of publisher | Rowman & Littlefield Pub |
| Year of publication | 2002 |
| 300 ## - PHYSICAL DESCRIPTION | |
| Number of Pages | 320p |
| 500 ## - GENERAL NOTE | |
| General note | includes index and biblioraphy |
| 505 2# - FORMATTED CONTENTS NOTE | |
| Formatted contents note | Notes |
| 650 ## - SUBJECT ADDED ENTRY--TOPICAL TERM | |
| Topical Term | Peace-Making |
| 942 ## - ADDED ENTRY ELEMENTS (KOHA) | |
| Koha item type | Books |
| Collection code | Home library | Current library | Date acquired | Cost, normal purchase price | Full call number | Accession Number | Koha item type |
|---|---|---|---|---|---|---|---|
| Henry Martyn Institute Library | Henry Martyn Institute Library | 04/12/2011 | 230.00 | 303.66 WIL | 020927 | Books |
